[Event "World Junior Chess Championship U18 b"]
[Site "Gaziantep"]
[Date "2008.08.08"]
[Round "7.35"]
[White "Pacher, Milan"]
[Black "Martins, Vinicius Tine"]
[Result "1-0"]
[WhiteElo "2361"]
[BlackElo "2292"]
[PlyCount "81"]
[EventDate "2008.08.??"]
[EventType "swiss"]
[EventRounds "13"]
[EventCountry "TUR"]

1. e4 c5 2. Nf3 Nc6 3. d4 cxd4 4. Nxd4 g6 5. c4 Nf6 6. Nc3 d6 7. Be2 Nxd4 8.
Qxd4 Bg7 9. Be3 O-O 10. Qd2 a5 11. O-O a4 12. f3 Qa5 13. Rab1 Be6 14. Rbc1 Rfc8
15. Rb1 Rf8 16. Rfc1 Rfc8 17. b4 axb3 18. axb3 Nd7 19. b4 Qd8 20. Nd5 Bxd5 21.
cxd5 Rxc1+ 22. Rxc1 Rc8 23. Kf2 Rc7 24. Bb5 Qc8 25. Ke2 Bc3 26. Qc2 Nf6 27. Bb6
Rc4 28. Bxc4 Qxc4+ 29. Qd3 Qxb4 30. Be3 Be5 31. Bh6 Ne8 32. Rc8 Qa4 33. Qb3 Qd7
34. Qxb7 Qa4 35. Qc6 Qa2+ 36. Bd2 Bf4 37. Rxe8+ Kg7 38. Qc3+ Kh6 39. g3 Bg5 40.
h4 Qa6+ 41. Qd3 1-0

[Event "World Junior Chess Championship U18 b"]
[Site "Gaziantep"]
[Date "2008.08.08"]
[Round "7.36"]
[White "Grover, Sahaj"]
[Black "Baratosi, Daniel"]
[Result "0-1"]
[WhiteElo "2306"]
[BlackElo "2433"]
[PlyCount "92"]
[EventDate "2008.08.??"]
[EventType "swiss"]
[EventRounds "13"]
[EventCountry "TUR"]

1. e4 e5 2. Nf3 Nc6 3. Bb5 a6 4. Ba4 Nf6 5. Qe2 b5 6. Bb3 Bc5 7. d3 d6 8. c3
O-O 9. Bg5 h6 10. Bh4 Qe7 11. Nbd2 Nd8 12. d4 Bb6 13. dxe5 dxe5 14. Bg3 Nd7 15.
Nh4 Ne6 16. Nf5 Qf6 17. Bh4 Ng5 18. O-O-O Nc5 19. Bc2 Re8 20. Bxg5 Qxg5 21. h4
Qf6 22. g4 Qc6 23. g5 Bxf5 24. exf5 e4 25. f6 b4 26. c4 Nd3+ 27. Bxd3 exd3 28.
Qxd3 Rad8 29. Qf3 Qxf3 30. Nxf3 hxg5 31. hxg5 Rxd1+ 32. Rxd1 Bxf2 33. Rd7 gxf6
34. gxf6 Be3+ 35. Kc2 Bf4 36. Nd4 c5 37. Nf5 Re2+ 38. Kd1 Rf2 39. Ne7+ Kh7 40.
Rd5 Rxb2 41. Rxc5 Rd2+ 42. Ke1 Rxa2 43. Rh5+ Bh6 44. Rh3 Ra3 45. Rh4 b3 46. Nf5
Kg6 0-1

[Event "World Junior Chess Championship U18 b"]
[Site "Gaziantep"]
[Date "2008.08.08"]
[Round "7.37"]
[White "Vocaturo, Daniele"]
[Black "Niemi, Mikko"]
[Result "1/2-1/2"]
[WhiteElo "2417"]
[BlackElo "2214"]
[PlyCount "116"]
[EventDate "2008.08.??"]
[EventType "swiss"]
[EventRounds "13"]
[EventCountry "TUR"]

1. e4 d6 2. d4 Nf6 3. Nc3 g6 4. Be3 c6 5. Qd2 b5 6. Bd3 Nbd7 7. Nf3 e5 8. O-O
Bb7 9. dxe5 dxe5 10. h3 Bg7 11. a4 a6 12. Ne2 Qe7 13. Ng3 Nc5 14. Bh6 Bxh6 15.
Qxh6 Nxa4 16. Rxa4 bxa4 17. Ra1 Nd7 18. Rxa4 f6 19. b4 Nb6 20. Ra1 Qf8 21. Qe3
Nd7 22. Nd2 h5 23. Bc4 Qe7 24. c3 Kf8 25. Nb3 Kg7 26. Na5 Rhb8 27. Rd1 h4 28.
Ne2 c5 29. f4 cxb4 30. cxb4 Nf8 31. fxe5 Qxe5 32. Nf4 Qxe4 33. Qf2 Re8 34. Bd3
Qe7 35. Qxh4 Be4 36. Bxe4 Qxe4 37. Qg4 Re5 38. Nc4 Re7 39. Nd6 Qe5 40. Rd5 Qe1+
41. Kh2 Re5 42. Nf5+ Rxf5 43. Rxf5 Kf7 44. Rc5 Re8 45. Qf3 Re7 46. Rc6 Qe5 47.
Qd5+ Qxd5 48. Nxd5 Re6 49. Rc7+ Kg8 50. Ra7 Rd6 51. Nc7 Rd7 52. h4 Kf7 53. Rb7
f5 54. Kg3 Re7 55. Kf3 Nd7 56. b5 Ne5+ 57. Kf4 axb5 58. Nxb5 Rxb7 1/2-1/2

[Event "World Junior Chess Championship U18 b"]
[Site "Gaziantep"]
[Date "2008.08.08"]
[Round "7.38"]
[White "Nukin, Askhat"]
[Black "Enchev, Ivajlo"]
[Result "1/2-1/2"]
[WhiteElo "2244"]
[BlackElo "2367"]
[PlyCount "326"]
[EventDate "2008.08.??"]
[EventType "swiss"]
[EventRounds "13"]
[EventCountry "TUR"]

1. e4 c5 2. Nf3 d6 3. d4 cxd4 4. Nxd4 Nf6 5. Nc3 Nc6 6. Bc4 e6 7. O-O a6 8. Bb3
Be7 9. Be3 O-O 10. f4 Na5 11. Qf3 Qc7 12. f5 Nxb3 13. axb3 Bd7 14. fxe6 fxe6
15. Qh3 Kh8 16. g4 Rae8 17. g5 Ng8 18. g6 h6 19. Rf7 Qd8 20. Raf1 Bf6 21. R1xf6
Nxf6 22. Bxh6 Rxf7 23. gxf7 gxh6 24. fxe8=Q+ Qxe8 25. Qxh6+ Nh7 26. Nf3 Qg8+
27. Kf2 Qg4 28. Qd2 Be8 29. Qxd6 Bh5 30. Qg3 Nf6 31. Qxg4 Nxg4+ 32. Kg3 Nf6 33.
Kf4 Bf7 34. Ng5 Bg8 35. Na4 Nd7 36. e5 Kg7 37. b4 b6 38. c4 Kg6 39. c5 bxc5 40.
bxc5 Nb8 41. Nc3 Nc6 42. Ne2 Kh5 43. Ng3+ Kg6 44. h3 Nb4 45. h4 Nd3+ 46. Ke4
Nxc5+ 47. Kd4 Nd7 48. b4 Nb6 49. N5e4 Nd5 50. Kc4 Nb6+ 51. Kc5 Nd5 52. Nd6 Nf4
53. Kd4 Nd5 54. Kc4 Kg7 55. Nde4 Nb6+ 56. Kb3 Nd7 57. Nh5+ Kh6 58. Nhf6 Nxe5
59. Nxg8+ Kh5 60. Ngf6+ Kxh4 61. Nc5 Nc6 62. Nxa6 Kg5 63. Ne4+ Kf4 64. Nac5
Nxb4 65. Kxb4 e5 66. Kc4 Kf5 67. Kd3 Kf4 68. Ke2 Kf5 69. Kf3 Kg6 70. Kg4 Kf7
71. Kf5 Ke7 72. Kg6 Kd8 73. Kf7 Kc7 74. Ke6 Kc6 75. Nd3 Kc7 76. Nb4 Kb6 77. Kd5
Kc7 78. Ke6 Kb6 79. Na2 Kc6 80. Nac3 Kc7 81. Ke7 Kc6 82. Kd8 Kb6 83. Kd7 Ka5
84. Nd5 Kb5 85. Ne3 Kb6 86. Kd6 Kb5 87. Kd5 Kb6 88. Kd6 Kb5 89. Kc7 Ka5 90. Kc6
Kb4 91. Kb6 Ka4 92. Kc5 Ka5 93. Nc3 e4 94. Kc4 Kb6 95. Kd5 Kc7 96. Nb5+ Kd7 97.
Nd6 Ke7 98. Ke5 Kd7 99. Ndf5 Kc6 100. Kd4 Kb5 101. Kc3 Kc5 102. Ng7 Kc6 103.
Kc4 Kd6 104. Kd4 Kc6 105. Ne6 Kd6 106. Nc5 Kc6 107. Ne6 Kd6 108. Nf4 Kc6 109.
Ke5 Kc5 110. Nfd5 Kc6 111. Kd4 Kd6 112. Nf4 Kc6 113. Kc4 Kd6 114. Kd4 Kc6 115.
Ne6 Kd6 116. Ng7 Kc6 117. Ngf5 Kc7 118. Kc5 Kd7 119. Kd5 Kc7 120. Nd4 Kd7 121.
Nc6 Kc7 122. Ne5 Kb6 123. Kc4 Kc7 124. Kc5 Kd8 125. Kd6 Ke8 126. Nc6 Kf7 127.
Ke5 Kg6 128. Nd4 Kf7 129. Nd5 e3 130. Ne2 Kg6 131. Kf4 Kf7 132. Kf5 Ke8 133.
Ke6 Kd8 134. Kd6 Ke8 135. Kc7 Kf7 136. Kd7 Kg6 137. Ke6 Kg5 138. Nf6 Kg6 139.
Ne4 Kh5 140. Kf5 Kh4 141. Ng5 Kh5 142. Nf3 Kh6 143. Ne5 Kh5 144. Ng6 Kh6 145.
Ngf4 Kg7 146. Ke6 Kf8 147. Kd7 Kf7 148. Nd5 Kg6 149. Ke6 Kg5 150. Nf6 Kh4 151.
Kf5 Kh3 152. Ke4 Kg2 153. Nd5 Kf1 154. Ndc3 Ke1 155. Kd3 Kf2 156. Kc2 Ke1 157.
Kc1 Kf1 158. Kd1 Kf2 159. Nd5 Kf1 160. Nf6 Kf2 161. Ne4+ Kf1 162. N2g3+ Kg2
163. Ke2 Kh3 1/2-1/2

[Event "World Junior Chess Championship U18 b"]
[Site "Gaziantep"]
[Date "2008.08.08"]
[Round "7.39"]
[White "Anton, Teodor"]
[Black "Ertan, Can"]
[Result "1/2-1/2"]
[WhiteElo "2353"]
[BlackElo "2149"]
[PlyCount "87"]
[EventDate "2008.08.??"]
[EventType "swiss"]
[EventRounds "13"]
[EventCountry "TUR"]

1. d4 Nf6 2. c4 e6 3. Nc3 Bb4 4. Nf3 b6 5. Bg5 Bb7 6. Nd2 h6 7. Bh4 c5 8. d5 d6
9. e4 Nbd7 10. Qc2 O-O 11. Bd3 Ne5 12. f4 Ng6 13. Bg3 Bxc3 14. Qxc3 Nh5 15. O-O
exd5 16. cxd5 f5 17. exf5 Nxg3 18. hxg3 Ne7 19. g4 Kh8 20. Be4 Bxd5 21. Rad1
Qc7 22. g5 Bxe4 23. Nxe4 Nxf5 24. gxh6 Nxh6 25. Rxd6 Nf5 26. Qh3+ Nh6 27. f5
Rad8 28. Rg6 Qd7 29. Ng5 Rf6 30. Qh5 Rdf8 31. Ne6 Rxg6 32. Qxg6 Rf6 33. Qg5
Nxf5 34. Nxg7 Qxg7 35. Rxf5 Rxf5 36. Qxf5 Qxb2 37. Qf8+ Kh7 38. Qf7+ Qg7 39.
Qh5+ Kg8 40. Qe8+ Qf8 41. Qg6+ Kh8 42. Qh5+ Kg7 43. Qg5+ Kf7 44. Qf4+ 1/2-1/2

[Event "World Junior Chess Championship U18 b"]
[Site "Gaziantep"]
[Date "2008.08.08"]
[Round "7.40"]
[White "Kjartansson, Gudmundur"]
[Black "Apaydin, Fethi"]
[Result "0-1"]
[WhiteElo "2328"]
[BlackElo "2187"]
[PlyCount "132"]
[EventDate "2008.08.??"]
[EventType "swiss"]
[EventRounds "13"]
[EventCountry "TUR"]

1. e4 c5 2. Nf3 Nc6 3. d4 cxd4 4. Nxd4 Qb6 5. Nb3 Nf6 6. Nc3 e6 7. Qe2 d6 8. g4
h6 9. Be3 Qc7 10. Nb5 Qb8 11. Bg2 a6 12. Nc3 b5 13. f4 Bb7 14. O-O-O Qc7 15. h4
O-O-O 16. g5 Nd7 17. Qf2 Kb8 18. f5 Nce5 19. fxe6 fxe6 20. Bh3 b4 21. Ba7+ Ka8
22. Na4 Re8 23. Nb6+ Nxb6 24. Bxb6 Qf7 25. Qxf7 Nxf7 26. Nd4 Bc8 27. g6 Ne5 28.
h5 Nc4 29. Bc7 Kb7 30. b3 Kxc7 31. bxc4 Be7 32. Kb2 Bf6 33. Kb3 Bd7 34. Kxb4
Kd8 35. Nb3 Ke7 36. c5 Rb8+ 37. Ka3 dxc5 38. c4 Rhc8 39. Rh2 Be5 40. Rhd2 Be8
41. Rd5 exd5 42. Rxd5 Bd4 43. Bxc8 Rxc8 44. Nxd4 cxd4 45. Kb3 Rd8 46. Re5+ Kf6
47. Rf5+ Ke6 48. Kc2 d3+ 49. Kd2 Bc6 50. Ra5 Bxe4 51. Rxa6+ Rd6 52. Ra5 Rb6 53.
Ke3 Rd6 54. Kd2 Bf3 55. a4 Be2 56. c5 Rd7 57. Rb5 Ra7 58. a5 Kd5 59. c6+ Kxc6
60. Rf5 Rc7 61. Ke3 Kb7 62. Rb5+ Ka6 63. Rd5 Re7+ 64. Kd2 Rb7 65. Ke3 Bg4 66.
Kf4 Rd7 0-1

[Event "World Junior Chess Championship U18 b"]
[Site "Gaziantep"]
[Date "2008.08.08"]
[Round "7.41"]
[White "Hughes, Tyler B"]
[Black "Djuraev, Sokhib"]
[Result "0-1"]
[WhiteElo "2161"]
[BlackElo "2324"]
[PlyCount "76"]
[EventDate "2008.08.??"]
[EventType "swiss"]
[EventRounds "13"]
[EventCountry "TUR"]

1. d4 d6 2. c4 e5 3. d5 f5 4. e4 Nf6 5. exf5 Bxf5 6. Nc3 Nbd7 7. Nge2 Be7 8.
Ng3 Bg6 9. h4 h6 10. Bd3 Bxd3 11. Qxd3 O-O 12. Nf5 Nh7 13. Qh3 Rf7 14. Be3 Nb6
15. b3 Qd7 16. g4 Raf8 17. Ne4 c6 18. Bxb6 cxd5 19. Nc3 d4 20. Bxd4 exd4 21.
Nd5 Bf6 22. O-O h5 23. f3 Be5 24. Rae1 Nf6 25. Nde7+ Rxe7 26. Nxe7+ Qxe7 27. g5
Qd7 28. Qg2 Ne8 29. Re4 Rf4 30. Rfe1 g6 31. Qe2 Qf5 32. Kg2 Ng7 33. c5 Ne6 34.
cxd6 Rxe4 35. fxe4 Nf4+ 36. Kh1 Qh3+ 37. Qh2 Qf3+ 38. Kg1 Nh3+ 0-1

[Event "World Junior Chess Championship U18 b"]
[Site "Gaziantep"]
[Date "2008.08.08"]
[Round "7.42"]
[White "Oliver, Gareth"]
[Black "Yashkin, Oleg"]
[Result "0-1"]
[WhiteElo "2196"]
[BlackElo "2307"]
[PlyCount "133"]
[EventDate "2008.08.??"]
[EventType "swiss"]
[EventRounds "13"]
[EventCountry "TUR"]

1. d4 c5 2. d5 e5 3. e4 d6 4. Nc3 Be7 5. Be2 Bg5 6. Bxg5 Qxg5 7. Nf3 Qd8 8. Nd2
Ne7 9. Nc4 a6 10. a4 b6 11. Rb1 Qc7 12. b4 cxb4 13. Rxb4 Nd7 14. Bg4 O-O 15.
Be2 f5 16. O-O Rb8 17. Qd2 Nf6 18. Ne3 f4 19. Nc4 f3 20. gxf3 Bh3 21. Rfb1 Nd7
22. Kh1 Ng6 23. Ne3 Nf4 24. Bf1 Nc5 25. Ne2 Bxf1 26. Rxf1 Qd7 27. Nf5 Nxe2 28.
Qxe2 g6 29. Rg1 Kh8 30. Ne3 a5 31. Rc4 Rbc8 32. Kg2 Nxa4 33. Rb1 Nc3 34. Rxc3
Rxc3 35. Rxb6 a4 36. Qa6 Qf7 37. Qe2 Qf6 38. Ra6 a3 39. Qd2 Qxf3+ 40. Kg1 Rcc8
41. Rxa3 Qxe4 42. Rb3 Rb8 43. Rxb8 Rxb8 44. Qd1 Kg7 45. Qf1 Qf3 46. Qa1 Rf8 47.
Qe1 Rf4 48. c4 h5 49. c5 dxc5 50. d6 Rd4 51. Qc3 Rxd6 52. Qxc5 Rf6 53. Qc7+ Kh6
54. Qc2 h4 55. Qd2 Rf4 56. Kf1 Qh1+ 57. Ke2 Qg1 58. Qe1 Qxe1+ 59. Kxe1 Kg5 60.
Kf1 h3 61. Ke2 e4 62. Ke1 Rf8 63. Ke2 Ra8 64. Nf1 Kf4 65. Nd2 Ra2 66. Ke1 Rxd2
67. Kxd2 0-1

[Event "World Junior Chess Championship U18 b"]
[Site "Gaziantep"]
[Date "2008.08.08"]
[Round "7.43"]
[White "Plenca, Julijan"]
[Black "Deruni, Berc"]
[Result "0-1"]
[WhiteElo "2295"]
[BlackElo "2032"]
[PlyCount "70"]
[EventDate "2008.08.??"]
[EventType "swiss"]
[EventRounds "13"]
[EventCountry "TUR"]

1. b3 d6 2. Bb2 e5 3. e3 f5 4. d4 e4 5. c4 Nf6 6. Nc3 g6 7. Qc2 Bg7 8. h4 O-O
9. Nh3 c6 10. Nf4 Na6 11. Be2 Qe7 12. h5 g5 13. h6 Bh8 14. Nh5 Ng4 15. Ng3 Rf6
16. Bxg4 Nb4 17. Qd2 Nd3+ 18. Ke2 Nxb2 19. Qxb2 f4 20. Bxc8 fxg3 21. fxg3 Rxc8
22. Raf1 Re8 23. Qb1 Qe6 24. Kd2 Rxh6 25. Rxh6 Qxh6 26. Nxe4 Qe6 27. Nc3 Qxe3+
28. Kc2 Qxd4 29. Rf3 Re3 30. Rxe3 Qxe3 31. Nd1 Qxg3 32. Kc1 Qf4+ 33. Kc2 Qe4+
34. Kc1 Qxb1+ 35. Kxb1 Bd4 0-1

[Event "World Junior Chess Championship U18 b"]
[Site "Gaziantep"]
[Date "2008.08.08"]
[Round "7.44"]
[White "Vural, Ozge"]
[Black "Serenac, Ivan"]
[Result "0-1"]
[WhiteElo "1853"]
[BlackElo "2289"]
[PlyCount "94"]
[EventDate "2008.08.??"]
[EventType "swiss"]
[EventRounds "13"]
[EventCountry "TUR"]

1. e4 c5 2. Nf3 Nc6 3. d4 cxd4 4. Nxd4 e5 5. Nb5 d6 6. c4 Be7 7. N1c3 a6 8. Na3
f5 9. Bd3 f4 10. g3 Nf6 11. gxf4 exf4 12. Bxf4 O-O 13. Rg1 Nxe4 14. Bh6 Ng5 15.
Qh5 Qe8 16. Qxe8 Rxe8 17. O-O-O gxh6 18. f4 Kh8 19. fxg5 Bxg5+ 20. Kb1 Be6 21.
Be4 Rad8 22. Nd5 Bf7 23. Rdf1 Bh5 24. Bd3 Ne5 25. h4 Bxh4 26. Rh1 Nxd3 27. Rxh4
Bg6 28. Rxh6 Re2 29. Nc2 Ne5 30. Rc1 Rf8 31. Ne7 Bxc2+ 32. Rxc2 Rf1+ 33. Rc1
Rxc1+ 34. Kxc1 Nd3+ 35. Kb1 Rxe7 36. Rxd6 Nb4 37. b3 h5 38. a3 Nc6 39. Kc2 h4
40. Rd3 Rh7 41. Rh3 Nd4+ 42. Kd2 Kg7 43. b4 Kf6 44. Kd3 Ne6 45. Rh1 h3 46. Ke4
Rh4+ 47. Kd3 h2 0-1

[Event "World Junior Chess Championship U18 b"]
[Site "Gaziantep"]
[Date "2008.08.08"]
[Round "7.45"]
[White "McPhillips, Karl"]
[Black "Aydogdu, Ataman"]
[Result "1-0"]
[WhiteElo "2221"]
[BlackElo "2050"]
[PlyCount "73"]
[EventDate "2008.08.??"]
[EventType "swiss"]
[EventRounds "13"]
[EventCountry "TUR"]

1. d4 Nf6 2. c4 e6 3. Nf3 Bb4+ 4. Nbd2 O-O 5. e3 d6 6. Bd3 Bxd2+ 7. Bxd2 Qe7 8.
e4 e5 9. d5 Bg4 10. b4 Nxe4 11. Bxe4 f5 12. h3 fxe4 13. hxg4 exf3 14. gxf3 Qf6
15. g5 Qxf3 16. Qxf3 Rxf3 17. Ke2 Rf5 18. Rh4 Nd7 19. Rah1 Nf8 20. a4 c6 21.
Be3 cxd5 22. cxd5 Rc8 23. Kd3 Rf7 24. Rc4 Rxc4 25. Kxc4 a6 26. b5 axb5+ 27.
Kxb5 Ng6 28. a5 Nf4 29. Rd1 h5 30. Bxf4 Rxf4 31. Kb6 Rb4+ 32. Kc7 Rb5 33. Kxd6
Rxa5 34. Ke7 e4 35. g6 h4 36. Rc1 Ra8 37. d6 1-0

[Event "World Junior Chess Championship U18 b"]
[Site "Gaziantep"]
[Date "2008.08.08"]
[Round "7.46"]
[White "Vavric, Pavel"]
[Black "Acarbay, Aydin"]
[Result "1-0"]
[WhiteElo "2218"]
[BlackElo "1825"]
[PlyCount "53"]
[EventDate "2008.08.??"]
[EventType "swiss"]
[EventRounds "13"]
[EventCountry "TUR"]

1. e4 c5 2. Nf3 d6 3. c3 Nf6 4. Bd3 Nc6 5. O-O Bg4 6. Re1 e6 7. h3 Bh5 8. Bf1
Be7 9. d4 Bxf3 10. gxf3 cxd4 11. cxd4 O-O 12. Nc3 e5 13. d5 Nd4 14. Be3 g6 15.
f4 Rc8 16. fxe5 dxe5 17. Bxd4 exd4 18. Qxd4 Bc5 19. Qd2 Nh5 20. e5 f5 21. Na4
Qh4 22. Nxc5 Rxc5 23. Rac1 Rxc1 24. Rxc1 Nf4 25. Kh2 Kh8 26. Rc4 g5 27. e6 1-0

[Event "World Junior Chess Championship U18 b"]
[Site "Gaziantep"]
[Date "2008.08.10"]
[Round "8.1"]
[White "Li, Chao B"]
[Black "Howell, David"]
[Result "1-0"]
[WhiteElo "2590"]
[BlackElo "2561"]
[PlyCount "273"]
[EventDate "2008.08.??"]
[EventType "swiss"]
[EventRounds "13"]
[EventCountry "TUR"]

1. d4 Nf6 2. c4 g6 3. Nc3 d5 4. cxd5 Nxd5 5. e4 Nxc3 6. bxc3 Bg7 7. Bc4 c5 8.
Ne2 Nc6 9. Be3 O-O 10. O-O Na5 11. Bd3 b6 12. Qd2 e5 13. Bh6 f6 14. Bxg7 Kxg7
15. f4 cxd4 16. cxd4 Bg4 17. dxe5 Bxe2 18. exf6+ Rxf6 19. Qxe2 Qd4+ 20. Kh1
Rxf4 21. Rxf4 Qxa1+ 22. Rf1 Qe5 23. Qf2 Kh8 24. Ba6 Re8 25. h3 Qg7 26. Bb5 Rd8
27. e5 Qxe5 28. Qh4 g5 29. Qb4 Qc5 30. Qb1 Qe7 31. Re1 Qf6 32. Qe4 Rf8 33. Rd1
Qg6 34. Qe5+ Qg7 35. Qe1 Qf6 36. Qg3 Qf4 37. Qa3 Rf7 38. Be2 Kg7 39. Qd3 Qe5
40. Bh5 Rc7 41. Rf1 Kh6 42. Bd1 Kg7 43. Bc2 Kh6 44. Qd8 Qe7 45. Qd4 Rc6 46. h4
gxh4 47. Qd3 Rg6 48. Qd2+ Rg5 49. Rf4 Kg7 50. Qd4+ Re5 51. Rxh4 Kf8 52. Rf4+
Kg8 53. Rg4+ Kf8 54. Qf4+ Ke8 55. Rg8+ Kd7 56. Bf5+ Kc7 57. Rh8 Kc6 58. Qf3+
Kb5 59. Bd3+ Kb4 60. Rxh7 Re1+ 61. Kh2 Qe5+ 62. g3 Re3 63. Qg4+ Ka3 64. Bf1 Rc3
65. Rh4 Rc2+ 66. Kh3 Kb2 67. Rh5 Qf6 68. Rb5+ Kc1 69. Bd3 Rb2 70. Rf5 Qh6+ 71.
Rh5 Qd2 72. Qc8+ Kd1 73. Qg4+ Kc1 74. Qf3 Rxa2 75. Re5 Qh6+ 76. Rh5 Qd2 77. Rh7
Qh2+ 78. Kg4 Ra4+ 79. Kg5 Qd2+ 80. Kg6 Kb2 81. Re7 Qc3 82. Re2+ Ka3 83. Re3 Nb3
84. Bf5 Qb2 85. Be6 Rb4 86. Qf8 Qc2+ 87. Kg7 Qc5 88. Qf3 Qc2 89. g4 a5 90. g5
Qc7+ 91. Bf7 a4 92. g6 Qd6 93. Kg8 Kb2 94. Qe2+ Ka3 95. g7 Rh4 96. Qf3 Qb8+ 97.
Re8 Qd6 98. Ra8 Kb4 99. Be8 Nc5 100. Qg2 Rh2 101. Qg4+ Ka3 102. Bf7 Qd3 103.
Qf4 Rh1 104. Kf8 Nd7+ 105. Ke7 Re1+ 106. Be6 Nc5 107. Rxa4+ Nxa4 108. g8=Q Re3
109. Qh8 Rxe6+ 110. Kxe6 Nc5+ 111. Kf7 Qd5+ 112. Kg6 Qg2+ 113. Qg5 Qe4+ 114.
Qf5 Qg2+ 115. Kh6 Qh2+ 116. Kg7 Qg3+ 117. Kf7 Qc7+ 118. Kg6 Qg3+ 119. Qg5 Qd3+
120. Kf7 Qc4+ 121. Kg6 Qd3+ 122. Kh5 Qh3+ 123. Qh4 Qf3+ 124. Kg6 Qd3+ 125. Kg7
Qd7+ 126. Kg6 Qd3+ 127. Kh5 Qf3+ 128. Kh6 Qe3+ 129. Kg7 Qe5+ 130. Kg6 Qd6+ 131.
Q8f6 Qd3+ 132. Qf5 Qd6+ 133. Kh5 b5 134. Qhf2 Ne6 135. Qa7+ Kb4 136. Qe4+ Kb3
137. Qae3+ 1-0

[Event "World Junior Chess Championship U18 b"]
[Site "Gaziantep"]
[Date "2008.08.10"]
[Round "8.2"]
[White "Safarli, Eltaj"]
[Black "Braun, Arik"]
[Result "1/2-1/2"]
[WhiteElo "2527"]
[BlackElo "2533"]
[PlyCount "65"]
[EventDate "2008.08.??"]
[EventType "swiss"]
[EventRounds "13"]
[EventCountry "TUR"]

1. e4 c6 2. d4 d5 3. exd5 cxd5 4. c4 Nf6 5. Nc3 e6 6. Nf3 Bb4 7. cxd5 Nxd5 8.
Bd2 Nc6 9. Bd3 O-O 10. O-O Be7 11. Re1 Bf6 12. Nxd5 exd5 13. Ne5 Qb6 14. Bc3
Be6 15. Rc1 Rac8 16. Bb1 g6 17. Qf3 Bg7 18. Rcd1 Rfd8 19. Qf4 Re8 20. h3 Qc7
21. Qh4 Ne7 22. g4 f6 23. Nd3 Nc6 24. f4 Bf7 25. f5 Rxe1+ 26. Rxe1 Re8 27.
Rxe8+ Bxe8 28. Qe1 Bf7 29. Qe3 b6 30. Qf3 Bh6 31. fxg6 hxg6 32. Kg2 Kg7 33. h4
1/2-1/2

[Event "World Junior Chess Championship U18 b"]
[Site "Gaziantep"]
[Date "2008.08.10"]
[Round "8.3"]
[White "Hou, Yifan"]
[Black "Nguyen, Ngoc Truong Son"]
[Result "1/2-1/2"]
[WhiteElo "2557"]
[BlackElo "2579"]
[PlyCount "60"]
[EventDate "2008.08.??"]
[EventType "swiss"]
[EventRounds "13"]
[EventCountry "TUR"]

1. e4 e6 2. d4 d5 3. Nc3 Nc6 4. Nf3 Nf6 5. exd5 exd5 6. Bb5 Be7 7. Ne5 Bd7 8.
Bxc6 Bxc6 9. Bg5 O-O 10. O-O h6 11. Bh4 Nd7 12. Bxe7 Qxe7 13. Re1 Nxe5 14. Rxe5
Qd6 15. Qd3 Rae8 16. Rae1 Rxe5 17. Rxe5 Re8 18. Rxe8+ Bxe8 19. Qg3 Qxg3 20.
hxg3 c6 21. Nd1 Bd7 22. Ne3 h5 23. c3 Kf8 24. f3 Ke7 25. Kf2 Be6 26. Ke2 Kd6
27. a3 b6 28. Kd2 f6 29. Ke2 g6 30. Kd2 Kd7 1/2-1/2

[Event "World Junior Chess Championship U18 b"]
[Site "Gaziantep"]
[Date "2008.08.10"]
[Round "8.5"]
[White "So, Wesley"]
[Black "Sanikidze, Tornike"]
[Result "1/2-1/2"]
[WhiteElo "2577"]
[BlackElo "2486"]
[PlyCount "120"]
[EventDate "2008.08.??"]
[EventType "swiss"]
[EventRounds "13"]
[EventCountry "TUR"]

1. e4 c5 2. Nf3 d6 3. d4 cxd4 4. Nxd4 Nf6 5. Nc3 Nc6 6. Bg5 e6 7. Qd2 Be7 8.
O-O-O Nxd4 9. Qxd4 O-O 10. f4 Qa5 11. Bc4 Bd7 12. e5 dxe5 13. fxe5 Bc6 14. Bd2
Nd7 15. Nd5 Qd8 16. Nxe7+ Qxe7 17. Rhe1 Nb6 18. Bf1 Rfd8 19. Qg4 Qc5 20. Kb1
Rd4 21. Qh3 Be4 22. Rc1 Rxd2 23. Rxe4 Rad8 24. Bd3 Qf2 25. Rb4 h6 26. Rg4 Kf8
27. Qg3 Qxg3 28. Rxg3 Nd7 29. Rf1 Nxe5 30. Kc1 R2xd3 31. cxd3 Nxd3+ 32. Kb1 e5
33. Re3 Rd4 34. a3 e4 35. Kc2 Rc4+ 36. Kd2 Ra4 37. Kc3 b6 38. g4 b5 39. Rf5
Rc4+ 40. Kd2 Nxb2 41. Rxb5 Nd3 42. Ra5 Ke7 43. Rxa7+ Ke6 44. Ra8 Ke5 45. Ra7
Ke6 46. a4 g6 47. a5 f5 48. gxf5+ gxf5 49. a6 Ra4 50. Ra8 Ra2+ 51. Kd1 Ke5 52.
a7 Kf4 53. Re2 Ra1+ 54. Kc2 Ra2+ 55. Kb1 Rxe2 56. Rb8 Re1+ 57. Ka2 Re2+ 58. Ka1
Re1+ 59. Ka2 Re2+ 60. Ka1 Ke5 1/2-1/2

[Event "World Junior Chess Championship U18 b"]
[Site "Gaziantep"]
[Date "2008.08.10"]
[Round "8.6"]
[White "Melkumyan, Hrant"]
[Black "Kravtsiv, Martyn"]
[Result "1/2-1/2"]
[WhiteElo "2507"]
[BlackElo "2555"]
[PlyCount "123"]
[EventDate "2008.08.??"]
[EventType "swiss"]
[EventRounds "13"]
[EventCountry "TUR"]

1. d4 Nf6 2. c4 e6 3. Nf3 b6 4. g3 Bb7 5. Bg2 Be7 6. Nc3 Ne4 7. Bd2 Bf6 8. O-O
O-O 9. Rc1 c5 10. dxc5 Nxc5 11. Bf4 d5 12. cxd5 Bxc3 13. Rxc3 Bxd5 14. Ne5 Bxg2
15. Kxg2 f6 16. Nc4 Nba6 17. a3 e5 18. Be3 Qxd1 19. Rxd1 Rfd8 20. Rdc1 Ne6 21.
Nd2 Nd4 22. Bxd4 Rxd4 23. Nf3 Rd7 24. b4 Re8 25. Ne1 Ree7 26. Rc8+ Kf7 27. Ra8
Re8 28. Rcc8 Rxc8 29. Rxc8 Nc7 30. Nd3 e4 31. Nb2 Nb5 32. Nc4 Ke6 33. a4 Nd6
34. Nxd6 Kxd6 35. f3 Re7 36. g4 Kd5 37. Kg3 Kd4 38. Kf4 exf3 39. exf3 Rd7 40.
h4 Kd3 41. b5 Rd4+ 42. Kg3 Rxa4 43. Rc7 g5 44. h5 a6 45. bxa6 b5 46. Rxh7 Rxa6
47. Rd7+ Kc3 48. Rc7+ Kd4 49. Rb7 Kc4 50. h6 b4 51. h7 Ra8 52. f4 b3 53. Kf3
Re8 54. Rb6 Rh8 55. Rxf6 gxf4 56. Rxf4+ Kc3 57. Rf7 b2 58. Rc7+ Kd2 59. Rb7 Kc2
60. Rc7+ Kd2 61. Rb7 Kc1 62. Ke4 1/2-1/2

[Event "World Junior Chess Championship U18 b"]
[Site "Gaziantep"]
[Date "2008.08.10"]
[Round "8.7"]
[White "Popov, Ivan"]
[Black "Lin, Chen"]
[Result "1-0"]
[WhiteElo "2549"]
[BlackElo "2417"]
[PlyCount "69"]
[EventDate "2008.08.??"]
[EventType "swiss"]
[EventRounds "13"]
[EventCountry "TUR"]

1. e4 c5 2. Nf3 e6 3. d4 cxd4 4. Nxd4 a6 5. Bd3 Nc6 6. Nxc6 dxc6 7. Nd2 e5 8.
Qh5 Bd6 9. Nc4 Nf6 10. Qg5 Bb4+ 11. Bd2 Bxd2+ 12. Nxd2 Qe7 13. Nc4 b5 14. Nxe5
h6 15. Qxg7 Rg8 16. Qxh6 Qxe5 17. O-O-O Rxg2 18. f4 Qe6 19. Kb1 Rg6 20. Qh4 Rg4
21. Qf2 Bb7 22. h3 Rg8 23. Qb6 Qe7 24. Rhg1 Rxg1 25. Rxg1 Kf8 26. e5 Ne8 27. f5
Qxe5 28. Qxb7 Qc5 29. Rf1 Ra7 30. Qb8 Re7 31. a3 Qd6 32. Qc8 Re3 33. Rg1 Qd4
34. Qxc6 Rxh3 35. Re1 1-0

[Event "World Junior Chess Championship U18 b"]
[Site "Gaziantep"]
[Date "2008.08.10"]
[Round "8.8"]
[White "Ramirez, Alejandro"]
[Black "Mamedov, Rauf"]
[Result "1/2-1/2"]
[WhiteElo "2531"]
[BlackElo "2627"]
[PlyCount "44"]
[EventDate "2008.08.??"]
[EventType "swiss"]
[EventRounds "13"]
[EventCountry "TUR"]

1. d4 d5 2. c4 c6 3. Nf3 Nf6 4. Qc2 dxc4 5. Qxc4 g6 6. g3 Bg7 7. Bg2 O-O 8. O-O
Be6 9. Qc2 Na6 10. Nc3 Nb4 11. Qb1 Bc4 12. Rd1 Nbd5 13. e4 Nxc3 14. bxc3 Qa5
15. Bd2 Be2 16. Re1 Qa6 17. Ne5 Rad8 18. Be3 Nd7 19. Qc2 Nxe5 20. Qxe2 Qxe2 21.
Rxe2 Nc4 22. Rb1 b6 1/2-1/2